[Event "BUL Ch"]
[Site "BUL"]
[Date "1991.??.??"]
[Round "2"]
[White "Pantev, Veselin"]
[Black "Topalov, Veselin"]
[Result "0-1"]
[WhiteElo "2265"]
[BlackElo "2455"]
[EventDate "1991.??.??"]

1.d4 Cf6 2.c4 d6 3.Cc3 Cbd7 4.Cf3 e5 5.g3 g6 6.Fg2 Fg7 7.O-O O-O 8.dxe5 
dxe5 9.Dc2 c6 10.b3 e4 11.Cg5 De7 12.a4 Te8 13.Fa3 Cc5 14.b4 h6 15.Ch3 Ca6
16.c5 Ff5 17.e3 g5 18.Rh1 Cc7 19.Tac1 Cfd5 20.Cxd5 Cxd5 21.Cg1 h5 22.Db3 
h4 23.Tfe1 hxg3 24.fxg3 Rh7 25.Fb2 Fxb2 26.Dxb2 De5 27.De2 Rg7 28.Tc4 Th8 
29.Df2 Cf6 30.h4 Cg4 0-1

[Event "BUL Ch"]
[Site "BUL"]
[Date "1991.??.??"]
[Round "3"]
[White "Topalov, Veselin"]
[Black "Kurtenkov, Atanas"]
[Result "1/2-1/2"]
[WhiteElo "2455"]
[BlackElo "2365"]
[EventDate "1991.??.??"]

1.d4 Cf6 2.Cf3 e6 3.c4 Fb4+ 4.Cbd2 d5 5.Da4+ Cc6 6.e3 O-O 7.a3 Fxd2+ 8.
Fxd2 Ce4 9.Dc2 Cxd2 10.Dxd2 Dd6 11.cxd5 exd5 12.Fe2 Fg4 13.O-O a5 14.Tac1 
Ce7 15.Tc3 c6 16.Tfc1 Fxf3 17.Fxf3 f5 18.Tc5 b6 19.T5c3 Rh8 20.Dc2 Tf6 21.
Fe2 a4 22.Fd3 b5 23.f4 g6 24.h3 Te6 25.Df2 Dd8 26.Df3 Df8 27.T3c2 Te8 28.
Ff1 Df6 29.Tc3 Tb8 30.T1c2 Cc8 1/2-1/2

[Event "BUL Ch"]
[Site "BUL"]
[Date "1991.??.??"]
[Round "4"]
[White "Grigorov, Jordan N"]
[Black "Topalov, Veselin"]
[Result "1-0"]
[WhiteElo "2385"]
[BlackElo "2455"]
[EventDate "1991.??.??"]

1.e4 c5 2.Cc3 Cc6 3.Cge2 d6 4.d4 cxd4 5.Cxd4 Cf6 6.g3 Fg4 7.f3 Fd7 8.Fe3 
a6 9.g4 e6 10.g5 Ch5 11.f4 Cxd4 12.Dxd4 h6 13.h4 Cg3 14.Tg1 Cxf1 15.Txf1 
hxg5 16.hxg5 Da5 17.O-O-O Th4 18.Th1 Txh1 19.Txh1 O-O-O 20.a4 Dc7 21.Th8 
Dc5 22.Th7 Te8 23.e5 Fc6 24.exd6 Dxd4 25.Fxd4 Fxd6 26.Fe5 Fxe5 27.fxe5 Tg8
28.b4 Rd8 29.b5 axb5 30.axb5 Fd7 31.Rb2 Re7 32.Rb3 Tc8 33.Rb4 b6 34.Txg7 
Tc5 35.g6 Fe8 36.gxf7 Fxf7 37.Ca4 Txc2 38.Cxb6 Re8 39.Cc4 Fh5 40.b6 Fe2 
1-0

[Event "BUL Ch"]
[Site "BUL"]
[Date "1991.??.??"]
[Round "6"]
[White "Delchev, Aleksander"]
[Black "Topalov, Veselin"]
[Result "1/2-1/2"]
[WhiteElo "2360"]
[BlackElo "2455"]
[EventDate "1991.??.??"]

1.d4 Cf6 2.Cf3 d6 3.c4 g6 4.g3 Fg7 5.Fg2 O-O 6.O-O Cbd7 7.Dc2 e5 8.Td1 
exd4 9.Cxd4 a6 10.e4 Te8 11.h3 Cc5 12.Cc3 Fd7 13.Tb1 Dc8 14.b4 Ce6 15.Cde2
h6 16.f4 c5 17.Fe3 Cd4 18.Cxd4 cxd4 19.Fxd4 Dxc4 20.Db2 Fc6 21.Tbc1 De6 
22.a4 Rh7 23.b5 axb5 24.axb5 Fxe4 25.Fxe4 Cxe4 26.Fxg7 Cxc3 27.Dxc3 Ta2 
28.Ta1 Te2 29.Fd4 Dxh3 30.Df3 1/2-1/2

[Event "BUL Ch"]
[Site "BUL"]
[Date "1991.??.??"]
[Round "7"]
[White "Topalov, Veselin"]
[Black "Chatalbashev, Boris"]
[Result "0-1"]
[WhiteElo "2455"]
[BlackElo "2385"]
[EventDate "1991.??.??"]

1.d4 d5 2.c4 Ff5 3.cxd5 Fxb1 4.Da4+ c6 5.Txb1 Dxd5 6.Cf3 Cd7 7.a3 Cgf6 8.
e3 e6 9.Dc2 Fd6 10.Fd3 Dh5 11.O-O g5 12.Ce5 Cxe5 13.dxe5 Fxe5 14.f4 gxf4 
15.exf4 Cg4 16.h3 Fd4+ 17.Rh1 Dh4 18.Fe2 Cf2+ 19.Rh2 Tg8 20.Db3 O-O-O 21.
Df3 e5 22.Fe3 Cg4+ 23.Dxg4+ Txg4 24.Fxg4+ Rb8 25.Tbe1 e4 26.Fxd4 Txd4 27.
Te2 Df6 28.g3 Dg6 29.f5 Dd6 30.Tf4 De5 31.Rg2 c5 32.Fh5 f6 33.Ff7 e3 34.
Rf3 Td1 35.Txe3 Tf1+ 36.Re2 Te1+ 0-1

[Event "BUL Ch"]
[Site "BUL"]
[Date "1991.??.??"]
[Round "8"]
[White "Petrov, Marijan"]
[Black "Topalov, Veselin"]
[Result "0-1"]
[WhiteElo "2265"]
[BlackElo "2455"]
[EventDate "1991.??.??"]

1.e4 e6 2.d4 d5 3.e5 c5 4.c3 Cc6 5.Cf3 Fd7 6.a3 c4 7.Fe2 Ca5 8.Cbd2 Dc7 9.
O-O O-O-O 10.Tb1 f6 11.Te1 Ce7 12.g3 h6 13.Dc2 f5 14.h4 Tg8 15.Fd1 g5 16.
hxg5 hxg5 17.Cf1 f4 18.Dh7 Tg7 19.Dh5 Fe8 20.Dg4 Fg6 21.Dxe6+ Rb8 22.Ta1 
Ff5 23.Dh6 Tg6 24.Dh5 Fg7 25.Cxg5 Th8 26.Df3 Txg5 27.Fxf4 Fg4 28.Dg2 Fh3 
29.Df3 Tf5 30.Ce3 Db6 31.Cxf5 Fxf5 32.De2 Dg6 33.Df1 Fh3 34.De2 Dh7 35.f3 
Ff1 36.Txf1 Dh1+ 37.Rf2 Th2+ 38.Re1 Txe2+ 39.Fxe2 Dh7 40.Tf2 Cg6 41.Fe3 
Cb3 42.Td1 Dh3 43.g4 Rc7 44.Tb1 Fh6 45.g5 Fxg5 46.Fxg5 Df5 47.Td1 Dxg5 48.
Ff1 Cf4 49.Th2 Dg3+ 50.Tf2 Dg1 0-1

[Event "BUL Ch"]
[Site "BUL"]
[Date "1991.??.??"]
[Round "9"]
[White "Topalov, Veselin"]
[Black "Genov, Petar"]
[Result "1-0"]
[WhiteElo "2455"]
[BlackElo "2420"]
[EventDate "1991.??.??"]

1.d4 Cf6 2.c4 e6 3.Cf3 b6 4.g3 Fa6 5.Da4 c6 6.Cc3 d5 7.cxd5 exd5 8.Fg2 Fd6
9.O-O O-O 10.Ce5 Fb7 11.Fg5 h6 12.Fxf6 Dxf6 13.e4 Fxe5 14.dxe5 Dxe5 15.
exd5 cxd5 16.Tfe1 Df5 17.Tad1 Fc6 18.Dd4 Ca6 19.Cxd5 Fxd5 20.Dxd5 Dxd5 21.
Txd5 Tad8 22.Te7 Cb4 23.Tdd7 Cxa2 24.Txf7 Txd7 25.Txd7 Cb4 26.Txa7 Cd3 27.
Fd5+ Rh8 28.b3 Cxf2 29.Tb7 Cg4 30.Txb6 Ce5 31.Fc4 Cxc4 32.bxc4 Tf3 33.Te6 
Tc3 34.Te4 Tc2 35.h4 g6 36.Rf1 Rg7 37.Re1 Rf6 38.Rd1 Tg2 39.Te3 Ta2 40.c5 
Ta6 41.Tb3 Ta5 42.Tc3 Re7 43.Re2 Ta4 44.Rf3 h5 45.Te3+ Rf6 46.Tc3 Re7 47.
Td3 Tc4 48.Td5 Tc3+ 49.Rf2 Tc2+ 50.Re1 Re6 51.Tg5 Rf6 52.Rd1 Ta2 53.c6 Ta8
54.Rd2 Tc8 55.Tc5 Re7 56.Re3 Rd6 57.Tc3 Rc7 58.Rf4 Te8 59.Te3 Td8 60.Rg5 
Td6 61.Tc3 Te6 62.Rh6 Tf6 63.Tc5 1-0

[Event "BUL Ch"]
[Site "BUL"]
[Date "1991.??.??"]
[Round "10"]
[White "Janev, Evgeni"]
[Black "Topalov, Veselin"]
[Result "0-1"]
[WhiteElo "2345"]
[BlackElo "2455"]
[EventDate "1991.??.??"]

1.e4 c5 2.Cf3 d6 3.d4 cxd4 4.Cxd4 Cf6 5.Cc3 a6 6.g3 e6 7.Fg2 Fe7 8.O-O Dc7
9.Fe3 O-O 10.g4 Cc6 11.g5 Cd7 12.f4 Te8 13.De2 Ff8 14.Tad1 Tb8 15.a4 Cb4 
16.Tf3 g6 17.Df2 Fg7 18.f5 Ce5 19.Th3 Dd8 20.f6 Ff8 21.Dh4 h6 22.gxh6 Rh7 
23.Ff4 Db6 24.Rh1 Cbc6 25.Fxe5 Cxe5 26.b3 Dc5 27.Cce2 b5 28.axb5 axb5 29.
Cg1 Tb7 30.Tg3 d5 31.Ch3 dxe4 32.Cg5+ Rh8 33.Cxe4 Dc7 34.Dg5 Td8 35.h4 b4 
36.h5 Td5 37.c4 bxc3 38.Cxc3 Ta5 39.Ce4 Tb4 40.Tc1 Dd8 41.Cc6 Cxc6 42.hxg6
Txg5 43.g7+ Fxg7 44.fxg7+ Txg7 45.hxg7+ Rg8 46.Rg1 Txe4 0-1

[Event "It"]
[Site "?"]
[Date "1991.??.??"]
[Round "?"]
[White "Todorcevic, Miodrag"]
[Black "Topalov, Veselin"]
[Result "1-0"]
[WhiteElo "2445"]
[BlackElo "2455"]
[EventDate "1991.??.??"]

1.d4 g6 2.e4 Fg7 3.Cf3 d6 4.Fe2 Cf6 5.Cc3 O-O 6.O-O c6 7.Fg5 Dc7 8.a4 Cbd7
9.Dd2 e5 10.Tfe1 a5 11.Tad1 Te8 12.d5 cxd5 13.Cxd5 Cxd5 14.Dxd5 h6 15.Fe3 
Cf6 16.Dc4 De7 17.Cd2 Fd7 18.Db3 Fc6 19.Ff3 Dd7 20.Cc4 Fxa4 21.Da2 Fxc2 
22.Txd6 Db5 23.Tb6 Da4 24.Dxa4 Fxa4 25.Txb7 Ta6 26.Fd2 Cd7 27.Cxa5 Cc5 28.
Tc7 Ff8 29.Fe2 Tf6 30.Fe3 Ce6 31.Tc4 Fb5 32.Tcc1 Fxe2 33.Txe2 Cd4 34.Fxd4 
exd4 35.Td1 Fc5 36.Cb3 Fb6 37.Td3 Tfe6 38.f3 f5 39.Cd2 Tc6 40.Rf2 Tc2 41.
e5 Tec8 42.Cb3 T2c4 43.f4 Rf7 44.Rf3 Re6 45.g4 Tb4 46.gxf5+ gxf5 47.Tg2 
Rd5 48.Ca1 Tbc4 49.Tb3 T8c6 50.Cc2 Txc2 51.Txc2 Txc2 52.Txb6 Txh2 53.Td6+ 
Rc4 54.e6 Txb2 55.Ta6 Tb3+ 56.Re2 Te3+ 57.Rd2 Rd5 58.e7 Txe7 59.Txh6 Re4 
1-0

[Event "Star Dojran"]
[Site "Star Dojran"]
[Date "1991.??.??"]
[Round "1"]
[White "Topalov, Veselin"]
[Black "Gicev, Blagoja"]
[Result "1/2-1/2"]
[WhiteElo "2455"]
[BlackElo "2315"]
[EventDate "1991.??.??"]

1.d4 Cf6 2.c4 g6 3.Cc3 Fg7 4.Fg5 d6 5.Dd2 Cbd7 6.Fh6 Fxh6 7.Dxh6 c5 8.Cf3 
Da5 9.Dd2 cxd4 10.Cxd4 Ce5 11.e3 O-O 12.Fe2 Fd7 13.f4 Cc6 14.Cb3 Db4 15.
Tc1 Fe6 16.Cb5 Dxd2+ 17.Cxd2 Tac8 18.Rf2 a6 19.Cd4 Cxd4 20.exd4 Tc7 21.a4 
a5 22.b4 axb4 23.Tb1 Ta8 24.Txb4 Fd7 25.Ta1 Fc6 26.Ff3 Ta7 27.Cb1 Fxf3 28.
Rxf3 Ta6 29.Ta2 b6 30.Cc3 Rf8 31.Tab2 Cd7 32.g4 Tc8 33.Cb5 Re8 34.h4 Rd8 
35.f5 Tca8 36.Ta2 Cb8 37.fxg6 fxg6 38.c5 bxc5 39.dxc5 dxc5 40.Te4 Cc6 41.
Td2+ 1/2-1/2

[Event "Star Dojran"]
[Site "Star Dojran"]
[Date "1991.??.??"]
[Round "2"]
[White "Kiroski, Toni"]
[Black "Topalov, Veselin"]
[Result "0-1"]
[WhiteElo "2375"]
[BlackElo "2455"]
[EventDate "1991.??.??"]

1.e4 c5 2.Cf3 d6 3.d4 cxd4 4.Dxd4 a6 5.c4 Cc6 6.Dd2 Cf6 7.Cc3 e6 8.b3 Fe7 
9.Fb2 O-O 10.Fe2 Tb8 11.Cd4 Fd7 12.O-O b5 13.cxb5 Cxd4 14.Dxd4 axb5 15.b4 
Db6 16.Dxb6 Txb6 17.a4 bxa4 18.b5 d5 19.Tfd1 Cxe4 20.Cxe4 Fxb5 21.Fxb5 
Txb5 22.Fxg7 Rxg7 23.Cc3 Tb3 24.Cxa4 Ta8 25.Ta2 f5 26.Rf1 Rf6 27.Re2 h5 
28.Td3 Txd3 29.Rxd3 e5 30.Cc3 Txa2 31.Cxa2 Fc5 32.f3 e4+ 33.Rc3 Re5 34.Cc1
Fe3 35.Ce2 d4+ 36.Rc4 d3 37.Cc3 Fg1 38.h3 h4 39.fxe4 fxe4 40.Cd1 Fd4 0-1

[Event "Star Dojran"]
[Site "Star Dojran"]
[Date "1991.??.??"]
[Round "3"]
[White "Topalov, Veselin"]
[Black "Kocovski, Ivan"]
[Result "1/2-1/2"]
[WhiteElo "2455"]
[BlackElo "2325"]
[EventDate "1991.??.??"]

1.e4 c5 2.Cf3 Cc6 3.d4 cxd4 4.Cxd4 Db6 5.Cb3 Cf6 6.Cc3 e6 7.Fd3 a6 8.O-O 
Fe7 9.a4 Dc7 10.f4 d6 11.a5 b5 12.axb6 Dxb6+ 13.Rh1 O-O 14.De2 Cb4 15.Ca5 
Cxd3 16.cxd3 Tb8 17.Fe3 Dxb2 18.Cc6 Dxc3 19.Cxb8 Dc7 20.Cxa6 Dd7 21.Cb8 
De8 22.Ta7 e5 23.Cc6 Dxc6 24.Txe7 exf4 25.Txf4 Fe6 26.h3 Cd7 27.d4 d5 28.
e5 Dc3 29.Th4 Tb8 30.Df2 Da3 31.Fg5 h6 32.Tf4 Tf8 33.Ff6 gxf6 34.exf6 Cxf6
35.Txf6 Dxe7 36.Dg3+ Rh7 37.Dh4 Dxf6 38.Dxf6 Ta8 39.Df2 Tg8 40.g4 Tg6 41.
Df4 Rg7 42.Rh2 Rh7 43.Dc7 Rg7 44.De7 Rh7 45.Rg3 Rg7 46.Rf4 Tg5 47.Re3 Tg6 
48.Dc7 Rh7 49.Df4 Rg7 50.Rd2 Rh7 51.Rc3 Rg7 52.Rb4 Rh7 53.Rc5 Rg7 1/2-1/2

[Event "Star Dojran"]
[Site "Star Dojran"]
[Date "1991.??.??"]
[Round "4"]
[White "Rajkovic, Dusan"]
[Black "Topalov, Veselin"]
[Result "1/2-1/2"]
[WhiteElo "2495"]
[BlackElo "2455"]
[EventDate "1991.??.??"]

1.d4 e6 2.c4 Fb4+ 3.Fd2 a5 4.Cc3 f5 5.e4 Fxc3 6.Fxc3 fxe4 7.Dg4 Cf6 8.Dxg7
Tg8 9.Dh6 d5 10.f3 Cc6 11.O-O-O Tg6 12.De3 Cb4 13.Rb1 Dd7 14.b3 dxc4 15.
fxe4 cxb3 16.axb3 Tg4 17.Df3 Cxe4 18.Fxb4 axb4 19.Dxg4 Cc3+ 20.Rc2 Ta2+ 
21.Rd3 Db5+ 22.Re3 Cxd1+ 23.Dxd1 Dg5+ 24.Rd3 Db5+ 1/2-1/2

[Event "Star Dojran"]
[Site "Star Dojran"]
[Date "1991.??.??"]
[Round "5"]
[White "Topalov, Veselin"]
[Black "Piskov, Yury"]
[Result "1-0"]
[WhiteElo "2455"]
[BlackElo "2440"]
[EventDate "1991.??.??"]

1.d4 f5 2.g3 Cf6 3.Fg2 d6 4.Cf3 g6 5.O-O Fg7 6.b3 O-O 7.Fb2 De8 8.Cbd2 h6 
9.c4 g5 10.Dc2 Ca6 11.d5 Dh5 12.e3 Fd7 13.Tae1 c6 14.e4 Cb4 15.Db1 fxe4 
16.Cxe4 Ff5 17.Fxf6 Fxf6 18.a3 cxd5 19.Cxf6+ Txf6 20.Dd1 Cd3 21.Txe7 dxc4 
22.bxc4 Taf8 23.h3 g4 24.Ch2 Dg6 25.Fd5+ Rh8 26.hxg4 Fe6 27.Txe6 1-0

[Event "Star Dojran"]
[Site "Star Dojran"]
[Date "1991.??.??"]
[Round "6"]
[White "Bogdanovski, Vlatko"]
[Black "Topalov, Veselin"]
[Result "1-0"]
[WhiteElo "2440"]
[BlackElo "2455"]
[EventDate "1991.??.??"]

1.d4 Cf6 2.Cf3 d6 3.c4 Fg4 4.Db3 Dc8 5.g3 Cc6 6.Cbd2 e5 7.d5 Cd8 8.Fg2 Fe7
9.e4 O-O 10.O-O a5 11.De3 b6 12.Ce1 Da6 13.Cd3 c6 14.b3 Fd7 15.Fa3 Cg4 16.
De2 cxd5 17.cxd5 Te8 18.Tfc1 Cb7 19.Ff1 Cf6 20.De3 b5 21.b4 Fd8 22.Fb2 Fb6
23.De1 Da7 24.h3 axb4 25.Cxb4 Fd4 26.Tab1 Cc5 27.Tc2 Da4 28.a3 Tac8 29.Rg2
Fxb2 30.Tcxb2 Dxa3 31.Cc6 Ch5 32.Fxb5 Cf4+ 33.gxf4 Dxh3+ 34.Rg1 Dg4+ 35.
Rf1 exf4 36.f3 Dh3+ 37.Re2 Dh5 38.Rd1 Cxe4 39.Cxe4 Dxf3+ 40.De2 Dxe4 41.
Dxe4 Txe4 42.Fd3 Te3 43.Rd2 g5 44.Th1 Tce8 45.Tb7 Fc8 46.Tc7 Fh3 47.Ce7+ 
T8xe7 48.Txe7 Fg2 49.Th5 Txe7 50.Txg5+ Rf8 51.Txg2 Te5 52.Fc4 f5 53.Tf2 
Te4 54.Rc3 Rg7 55.Fd3 Te5 56.Rd4 h5 57.Tg2+ Rf6 58.Tg8 f3 59.Td8 Te1 60.
Tf8+ Rg5 61.Fxf5 Td1+ 62.Fd3 Rg4 63.Re3 Te1+ 64.Rf2 Te5 65.Fc4 Te4 66.Fa6 
Tf4 67.Fc8+ Rg5 68.Tg8+ Rf6 69.Tg3 Re5 70.Tg5+ 1-0

[Event "Star Dojran"]
[Site "Star Dojran"]
[Date "1991.??.??"]
[Round "8"]
[White "Topalov, Veselin"]
[Black "Rashkovsky, Nukhim N"]
[Result "1/2-1/2"]
[WhiteElo "2455"]
[BlackElo "2535"]
[EventDate "1991.??.??"]

1.d4 Cf6 2.c4 e6 3.Cf3 Fb4+ 4.Fd2 De7 5.g3 Cc6 6.Fg2 Fxd2+ 7.Cbxd2 a5 8.
O-O d6 9.e4 e5 10.d5 Cb8 11.Ce1 h5 12.Cef3 Fg4 13.Db3 b6 14.De3 Ca6 15.Ch4
Cc5 16.Tae1 g5 17.Chf3 Fxf3 18.Fxf3 h4 19.b3 Dd7 20.Dxg5 Re7 21.Df5 Dxf5 
22.exf5 Tag8 23.Fd1 Cd3 1/2-1/2

[Event "Star Dojran"]
[Site "Star Dojran"]
[Date "1991.??.??"]
[Round "9"]
[White "Bielczyk, Jacek"]
[Black "Topalov, Veselin"]
[Result "1/2-1/2"]
[WhiteElo "2405"]
[BlackElo "2455"]
[EventDate "1991.??.??"]

1.e4 c5 2.Cf3 d6 3.d4 cxd4 4.Cxd4 Cf6 5.Cc3 a6 6.f4 e6 7.Fe2 Fe7 8.O-O O-O
9.Rh1 Dc7 10.a4 Cc6 11.Fe3 Te8 12.De1 e5 13.fxe5 dxe5 14.Dg3 Cxd4 15.Fxd4 
Fd8 16.Fe3 Fe6 17.Fh6 g6 18.Tad1 Tc8 19.Fg5 Cd7 20.Fxd8 Tcxd8 21.Fg4 Fc4 
22.Tf2 Cc5 23.Tfd2 Txd2 24.Txd2 b5 25.axb5 axb5 26.De3 b4 27.Cd5 Fxd5 28.
Txd5 Ce6 29.Fxe6 Txe6 30.Dc5 Tc6 31.Dxb4 Tc4 32.Da3 Txc2 33.h3 Te2 34.Df3 
Dc1+ 35.Rh2 Df4+ 36.Dxf4 exf4 37.Td3 Txb2 38.Tf3 g5 39.h4 f6 40.Rh3 h5 41.
g4 fxg3 42.hxg5 fxg5 43.Tf5 g4+ 44.Rxg3 Tb3+ 45.Rg2 Th3 46.e5 Rg7 47.e6 
Te3 1/2-1/2

[Event "Star Dojran"]
[Site "Star Dojran"]
[Date "1991.??.??"]
[Round "10"]
[White "Topalov, Veselin"]
[Black "Nedev, Trajce"]
[Result "1-0"]
[WhiteElo "2455"]
[BlackElo "2215"]
[EventDate "1991.??.??"]

1.d4 Cf6 2.Cf3 c5 3.d5 e6 4.c4 exd5 5.cxd5 d6 6.Cc3 g6 7.e4 Fg7 8.h3 O-O 
9.Fd3 Te8 10.O-O c4 11.Fc2 b5 12.a3 Ca6 13.Te1 Tb8 14.Ff4 Ch5 15.Fe3 Cc5 
16.e5 Ff8 17.Fxc5 dxc5 18.Dd2 b4 19.Ce4 c3 20.bxc3 b3 21.Fd1 Ff5 22.Tb1 
Fxe4 23.Txe4 Cf6 24.Te1 Dxd5 25.Fxb3 c4 26.Fxc4 Dxc4 27.Txb8 Txb8 28.exf6 
Fxa3 29.Ce5 Dc7 30.Cd7 Ff8 31.Cxf8 Dd8 32.Cd7 1-0

[Event "Star Dojran"]
[Site "Star Dojran"]
[Date "1991.??.??"]
[Round "11"]
[White "Kurajica, Bojan"]
[Black "Topalov, Veselin"]
[Result "1-0"]
[WhiteElo "2520"]
[BlackElo "2455"]
[EventDate "1991.??.??"]

1.d4 f5 2.Cf3 Cf6 3.g3 g6 4.Fg2 Fg7 5.O-O O-O 6.Cbd2 d6 7.c3 Rh8 8.Dc2 Cc6
9.b4 a6 10.Te1 e5 11.dxe5 dxe5 12.e4 f4 13.a4 Ch5 14.Fa3 b5 15.c4 fxg3 16.
hxg3 Df6 17.Fb2 bxa4 18.Dxa4 Tb8 19.b5 axb5 20.cxb5 Fg4 21.Tac1 Cd4 22.
Fxd4 exd4 23.e5 Db6 24.Cxd4 Tbd8 25.C2b3 Fe6 26.Cc5 Fd5 27.Fxd5 Txd5 28.
Cde6 Te8 29.g4 Fh6 30.Dc4 Txc5 31.Cxc5 Fxc1 32.Txc1 Cg7 33.Cd7 De6 34.Cf6 
Te7 35.b6 cxb6 36.Dc8+ Ce8 37.Dxe6 Txe6 38.Tc8 Txe5 39.Cxe8 h5 40.gxh5 
Tg5+ 41.Rf1 gxh5 42.Tc6 b5 43.Th6+ 1-0

[Event "It"]
[Site "Vrnjacka Banja YUG"]
[Date "1991.??.??"]
[Round "1"]
[White "Topalov, Veselin"]
[Black "Simic, Radoslav"]
[Result "1/2-1/2"]
[WhiteElo "2455"]
[BlackElo "2485"]
[EventDate "1991.04.??"]

1.d4 Cf6 2.c4 g6 3.Cc3 d5 4.Cf3 Fg7 5.cxd5 Cxd5 6.e4 Cxc3 7.bxc3 c5 8.Tb1 
O-O 9.Fe2 b6 10.O-O Fa6 11.d5 Fxe2 12.Dxe2 Fxc3 13.Td1 Fg7 14.e5 Dc8 15.
Fg5 f6 16.Fh4 Ca6 17.Dc4 Rh8 18.d6 exd6 19.Txd6 Df5 20.Te1 Cc7 21.Tc6 Tac8
22.Fg3 fxe5 1/2-1/2

[Event "It"]
[Site "Vrnjacka Banja YUG"]
[Date "1991.??.??"]
[Round "2"]
[White "Pavlovic, Milos"]
[Black "Topalov, Veselin"]
[Result "1/2-1/2"]
[WhiteElo "2480"]
[BlackElo "2455"]
[EventDate "1991.04.??"]

1.c4 Cf6 2.Cc3 g6 3.e4 d6 4.d4 Fg7 5.f3 O-O 6.Fe3 c5 7.d5 e6 8.Dd2 exd5 9.
cxd5 Fd7 10.Cge2 b5 11.Cg3 a6 12.Fe2 b4 13.Cd1 Fb5 14.O-O Cbd7 15.Fh6 Cb6 
16.Fxg7 Rxg7 17.Ce3 Cfd7 18.f4 Rh8 19.Tae1 Dh4 20.b3 Tfe8 21.Tf3 Dh6 22.
Cg4 Dg7 23.Te3 Dd4 24.Td1 h5 25.De1 Dg7 26.Cf2 Dh6 27.Ch3 Cf6 28.Ff3 Cg4 
29.Fxg4 hxg4 30.Cg5 Rg8 31.Ch1 Fd7 32.Dg3 c4 33.bxc4 Cxc4 34.Tee1 Tac8 35.
Cf2 Dh5 1/2-1/2

[Event "It"]
[Site "Vrnjacka Banja YUG"]
[Date "1991.??.??"]
[Round "3"]
[White "Topalov, Veselin"]
[Black "Velimirovic, Dragoljub"]
[Result "1-0"]
[WhiteElo "2455"]
[BlackElo "2520"]
[EventDate "1991.04.??"]

1.d4 c5 2.d5 Cf6 3.Cc3 g6 4.e4 d6 5.Cf3 Fg7 6.Fb5+ Cfd7 7.a4 Ca6 8.O-O Cc7
9.Fc4 O-O 10.Te1 a6 11.Ff4 Tb8 12.Dd3 b5 13.axb5 Cb6 14.bxa6 Cxc4 15.Dxc4 
Txb2 16.a7 Fa6 17.Txa6 Cxa6 18.Ca4 Tb4 19.Dxa6 Dc8 20.Cxc5 Fc3 21.Td1 dxc5
22.Dc6 Rg7 23.h3 Dxc6 24.dxc6 Tc8 25.c7 e5 26.Td8 1-0

[Event "It"]
[Site "Vrnjacka Banja YUG"]
[Date "1991.??.??"]
[Round "4"]
[White "Malaniuk, Vladimir P"]
[Black "Topalov, Veselin"]
[Result "1/2-1/2"]
[WhiteElo "2500"]
[BlackElo "2455"]
[EventDate "1991.04.??"]

1.d4 Cf6 2.Cf3 e6 3.e3 b6 4.Fd3 Fb7 5.O-O Fe7 6.c4 d5 7.b3 O-O 8.Fb2 Cbd7 
9.Cc3 Ce4 10.Ce2 Fd6 11.Tc1 De7 12.Cg3 f5 13.De2 Tad8 14.Tfd1 c6 15.Ce5 
Cxe5 16.dxe5 Fa3 17.cxd5 exd5 18.Cxf5 Txf5 19.Fxe4 Fxb2 20.Fxf5 Fxc1 21.
Txc1 g6 22.Fg4 Dxe5 23.Ff3 1/2-1/2

[Event "It"]
[Site "Vrnjacka Banja YUG"]
[Date "1991.??.??"]
[Round "5"]
[White "Topalov, Veselin"]
[Black "Marinkovic, Slavisa"]
[Result "1/2-1/2"]
[WhiteElo "2455"]
[BlackElo "2335"]
[EventDate "1991.04.??"]

1.d4 Cf6 2.c4 g6 3.Cc3 d5 4.Cf3 Fg7 5.e3 O-O 6.Db3 e6 7.Fe2 Cc6 8.cxd5 
exd5 9.O-O Ce7 10.Fd2 Cf5 11.Dc2 Cd6 12.b4 Ff5 13.Db3 1/2-1/2

[Event "It"]
[Site "Vrnjacka Banja YUG"]
[Date "1991.??.??"]
[Round "6"]
[White "Tosic, Miroslav"]
[Black "Topalov, Veselin"]
[Result "0-1"]
[WhiteElo "2455"]
[BlackElo "2455"]
[EventDate "1991.04.??"]

1.e4 c5 2.Cf3 d6 3.d4 cxd4 4.Cxd4 Cf6 5.Cc3 a6 6.Fe2 e6 7.O-O Fe7 8.f4 O-O
9.Rh1 Dc7 10.a4 Cc6 11.Fe3 Te8 12.Ff3 Tb8 13.Cb3 b6 14.De2 Ca5 15.Tad1 Cc4
16.Fc1 b5 17.axb5 axb5 18.Cd4 b4 19.Ccb5 Dc5 20.b3 Ce5 21.c4 bxc3 22.Fa3 
Db6 23.Fxd6 Fxd6 24.Cxd6 Fa6 25.Da2 Cxf3 26.Cxf3 Fxf1 27.Cxe8 Fxg2+ 28.
Dxg2 Txe8 29.e5 Cd5 30.Tg1 g6 31.Cg5 Cxf4 32.Df3 Dd4 33.Tf1 c2 34.Cxf7 
c1=D 35.Txc1 Rxf7 36.Tf1 g5 37.Dh5+ Rg7 38.Dxg5+ Cg6 39.Df6+ Rh6 40.Tf3 
Dh4 41.b4 Tc8 42.Dxe6 De1+ 0-1

[Event "It"]
[Site "Vrnjacka Banja YUG"]
[Date "1991.??.??"]
[Round "7"]
[White "Topalov, Veselin"]
[Black "Huzman, Alexander"]
[Result "1/2-1/2"]
[WhiteElo "2455"]
[BlackElo "2475"]
[EventDate "1991.04.??"]

1.e4 e5 2.Cf3 Cc6 3.Fb5 a6 4.Fxc6 dxc6 5.Cc3 f6 6.d4 exd4 7.Cxd4 c5 8.Cde2
Dxd1+ 9.Cxd1 Fe6 10.Ff4 O-O-O 11.Ce3 Ce7 12.Td1 Txd1+ 13.Rxd1 g5 1/2-1/2

[Event "It"]
[Site "Vrnjacka Banja YUG"]
[Date "1991.??.??"]
[Round "8"]
[White "Hebden, Mark L"]
[Black "Topalov, Veselin"]
[Result "1/2-1/2"]
[WhiteElo "2475"]
[BlackElo "2455"]
[EventDate "1991.04.??"]

1.e4 c5 2.Cc3 e6 3.Cf3 d6 4.g3 Cf6 5.Fg2 Fe7 6.O-O O-O 7.e5 dxe5 8.Cxe5 
Dc7 9.Cc4 Fd7 10.d3 Fc6 11.Ff4 Dd8 12.Ce4 Cd5 13.Fd2 Dc7 14.Dh5 Cd7 15.Ca5
C7f6 16.De2 Fd7 17.c4 Cb4 18.Fxb4 cxb4 19.Cb3 Tad8 20.d4 b5 21.Cxf6+ Fxf6 
22.c5 a5 23.c6 Fxc6 24.Tfc1 Td6 25.Fxc6 Txc6 26.Dxb5 Tc2 27.Dd3 Txc1+ 28.
Txc1 Db6 29.Tc5 a4 30.Ca5 Td8 31.Db5 Dxb5 32.Txb5 Txd4 33.Tb8+ Td8 34.Txb4
h5 35.Cc4 Td1+ 36.Rg2 a3 37.Cxa3 Ta1 38.Cc4 Txa2 39.f4 Ta1 40.h4 Tc1 41.
Rf3 Rh7 42.Cd6 Rg6 43.Tb7 Tf1+ 44.Rg2 Td1 45.Cxf7 Td2+ 46.Rf3 Txb2 47.Txb2
Fxb2 48.Cd6 Fd4 49.g4 hxg4+ 50.Rxg4 Fa1 51.Ce4 Fb2 52.Cd6 Fa1 53.h5+ Rf6 
54.Ce4+ Rf7 55.Rf3 Fb2 56.Cd6+ 1/2-1/2

[Event "It"]
[Site "Vrnjacka Banja YUG"]
[Date "1991.??.??"]
[Round "9"]
[White "Topalov, Veselin"]
[Black "Drasko, Milan"]
[Result "1-0"]
[WhiteElo "2455"]
[BlackElo "2500"]
[EventDate "1991.04.??"]

1.e4 e6 2.d4 d5 3.Cd2 Cc6 4.Cgf3 Cf6 5.e5 Cd7 6.Fb5 a5 7.O-O Ca7 8.Fd3 c5 
9.c4 cxd4 10.cxd5 Cc5 11.dxe6 Fxe6 12.Cb3 Fxb3 13.axb3 Fe7 14.Fc4 b5 15.
Fd3 Tb8 16.Ff4 Tb7 17.Tc1 Dd5 18.De2 O-O 19.Tfd1 Cxb3 20.Tc3 Td7 21.Fc2 
Ca1 22.Txd4 De6 23.Fxh7+ Rxh7 24.Dd3+ Rg8 25.Txd7 1-0

[Event "It"]
[Site "Vrnjacka Banja YUG"]
[Date "1991.??.??"]
[Round "10"]
[White "Cvetkovic, Srdjan"]
[Black "Topalov, Veselin"]
[Result "0-1"]
[WhiteElo "2470"]
[BlackElo "2455"]
[EventDate "1991.04.??"]

1.c4 e5 2.Cc3 Cc6 3.g3 g6 4.Fg2 Fg7 5.e3 d6 6.Cge2 h5 7.d4 h4 8.d5 Cb8 9.
e4 Fg4 10.Da4+ Rf8 11.Cg1 Ca6 12.f3 Fd7 13.Dd1 Fh6 14.Fxh6+ Cxh6 15.Dd2 
Rg7 16.O-O-O Cc5 17.Fh3 f5 18.exf5 Cxf5 19.Fxf5 gxf5 20.Cge2 hxg3 21.hxg3 
Df6 22.De3 a5 23.Rb1 a4 24.Cc1 a3 25.Cd3 Cxd3 26.Dxd3 axb2 27.Rxb2 Dg6 28.
f4 e4 29.Dd4+ Df6 30.Dxf6+ Rxf6 31.Rb3 Tag8 32.Ce2 Fe8 33.Tde1 Fh5 34.Rb4 
c5+ 35.dxc6 bxc6 36.a4 Re7 37.a5 Rd7 38.Th4 c5+ 39.Ra4 Tb8 40.Cc1 Ff7 41.
Txh8 Txh8 42.g4 Fxc4 43.gxf5 d5 44.Cb3 Rc6 45.Tg1 Fxb3+ 46.Rxb3 Rb5 47.f6 
d4 48.Tg5 e3 49.Te5 Tf8 50.Te6 c4+ 51.Rb2 Rxa5 52.Te4 d3 53.Txe3 Rb4 54.
Te6 c3+ 55.Rb1 Rc5 56.Te5+ Rd4 57.Te6 Tb8+ 58.Ra1 c2 0-1

[Event "It"]
[Site "Vrnjacka Banja YUG"]
[Date "1991.??.??"]
[Round "12"]
[White "Kaspi, Alexander"]
[Black "Topalov, Veselin"]
[Result "0-1"]
[WhiteElo "2390"]
[BlackElo "2455"]
[EventDate "1991.04.??"]

1.d4 e6 2.Cf3 Cf6 3.c4 Fb4+ 4.Fd2 a5 5.g3 b6 6.Fg2 Fa6 7.Dc2 O-O 8.O-O c6 
9.Ff4 Fe7 10.Cbd2 d5 11.b3 Cbd7 12.e4 Tc8 13.e5 Ch5 14.Fe3 g6 15.Tfd1 Cg7 
16.g4 f5 17.exf6 Fxf6 18.Tac1 Fe7 19.Db2 Fd6 20.Ce5 De7 21.Tc2 Cxe5 22.
dxe5 Fc5 23.Cf1 Fxe3 24.Cxe3 Fb7 25.a3 Tf4 26.b4 axb4 27.axb4 h5 28.h3 
hxg4 29.hxg4 Rh7 30.b5 c5 31.cxd5 exd5 32.Fxd5 Td8 33.f3 Ce6 34.Tcc1 Cg5 
35.Rg2 Cxf3 36.Th1+ Rg7 37.Rg3 Tb4 38.Dc3 Cd4 39.Rg2 Txd5 0-1

[Event "It"]
[Site "Vrnjacka Banja YUG"]
[Date "1991.??.??"]
[Round "13"]
[White "Topalov, Veselin"]
[Black "Matulovic, Milan"]
[Result "1/2-1/2"]
[WhiteElo "2455"]
[BlackElo "2470"]
[EventDate "1991.04.??"]

1.d4 d5 2.c4 dxc4 3.e3 e5 4.Fxc4 exd4 5.exd4 Fb4+ 6.Cc3 Cf6 7.Cf3 O-O 8.
O-O Fg4 9.a3 Fxc3 10.bxc3 c5 11.h3 Fh5 12.g4 Fg6 13.dxc5 Da5 14.Fe3 Dxc3 
15.Da4 Cc6 16.Tac1 Da5 17.Dxa5 Cxa5 18.Ce5 1/2-1/2